LEADER 00857nam a2200229 i 4500 001 000000212186 003 CaOOAMICUS 005 20120329000000.0 008 120329s1961 it u000 u ita u 013 $a191017 040 $aSeMil$bita 100 1 $aHuysmans, Joris-Karl,$d<1848-1907>.$0(OLS)http://semarc/name/18746 245 10$aPer strada /$cJoris-Karl Huysmans. 260 $aMilano :$bRizzoli,$c1961. 300 $a344 p. ;$c16 cm. 490 0 $aBiblioteca Universale Rizzoli ;$v1697.-1700 830 0$aBiblioteca Universale Rizzoli ;$v1697.-1700.$0(OLS)http://semarc/title/7348 850 $aSeMil 852 $aSeMil$W1$xVenegono$y1$m1V I 175$j162621$B162621$CSeMilBibl$Z2$F187126 $81 961 $aOmaggio: Altro 996 $6245$aPer strada$9(OLS)http://semarc/title/306409 996 $6260$aMilano :$bRizzoli$9(OLS)http://semarc/publisher/29824 LEADER 01319nam a2200229 i 4500 001 000000058249 003 CaOOAMICUS 005 20120824000000.0 008 120824s1914 it u000 u ita u 013 $a29421 040 $aSeMil$bita 245 10$aProspectus Synodalium Constitutionum ab Excellentissimo et Reverendissimo D. D. Guidone M. Conforti Dei et Apostolicae sedis Gratia Archiepiscopo Episcopo Parmae et Comite Ferendarum Diebus 6., 7., 8. Octobris. Parmae. 260 $aVenetiis :$bTypographia Aemiliana,$c1914. 300 $a1 v. (varie sequenze) ;$c25 cm. 500 $aContiene : Scritto autografo di Angelo Tosoni. 650 4$aSinodi diocesani - Parma.$0(OLS)http://semarc/subject/11717 700 1 $aConforti, Guido Maria,$c.$0(OLS)http://semarc/name/5125 710 2 $aDiocesi di Parma.$0(OLS)http://semarc/name/29680 850 $aSeMil 852 $aSeMil$W1$xVenegono$y1$m2J I 90$j24402$B24402$CSeMilBibl$Z2$F24405 $81 996 $6245$aProspectus Synodalium Constitutionum ab Excellentissimo et Reverendissimo D. D. Guidone M. Conforti Dei et Apostolicae sedis Gratia Archiepiscopo Episcopo Parmae et Comite Ferendarum Diebus 6., 7., 8. Octobris. Parmae$9(OLS)http://semarc/title/90763 996 $6260$aVenetiis :$bTypographia Aemiliana$9(OLS)http://semarc/publisher/41902